Rob McElhenney Filmography - Statistics

General Stats
  • This quiz has been taken 14 times
    4 since last reset
  • The average score is 2 of 34
Answer Stats
Type Year Name % Correct
TV Show 2005-Present It's Always Sunny in Philadelphia
100%
Web Series 2020-2025 Mythic Quest
50%
TV Show 2017 Fargo
25%
TV Show 2019 Game of Thrones
25%
Documentary Series 2022-Present Welcome to Wrexham
25%
TV Show 2025 Abbott Elementary
0%
Film 1998 A Civil Action
0%
TV Show 1997 All My Children
0%
Short Film 2012 All Star Bowling Trick Shots
0%
Documentary Series 2024 All Town Aren't We
0%
Director 2024 Cammy & Mike
0%
Film 2001 Campfire Stories
0%
Short Film 2007 Danny DeVito & the Contract
0%
Film 2024 Deadpool & Wolverine
0%
TV Show 2004 ER
0%
Director TBA Figment
0%
Music Video 2021 Follow You
0%
TV Show 2009 Free Radio
0%
Web Series 2025 Hot Ones Versus
0%
Film 2003 Latter Days
0%
TV Show 1997 Law & Order
0%
TV Pilot 2012 Living Loaded
0%
Film 2002 Long Story Short
0%
TV Show 2007, 2010 Lost
0%
Documentary Series 2025 Nexaca
0%
Commercial 1999 Nike
0%
Director 2015 Pariah
0%
Web Series 2025 Side Quest
0%
Podcast 2021-2023 The Always Sunny Podcast
0%
Film 1997 The Devil's Own
0%
TV Show 2014, 2015, 2017 The Mindy Project
0%
Film 2004 The Tollbooth
0%
Film 2001 Thirteen Conversations About One Thing
0%
Film 2000 Wonder Boys
0%
No matching quizzes found
Score Distribution
Percent of People with Each Score
Percentile by Number Answered
Your Score History
You have not taken this quiz since the last reset